00543nam a2200145 i 450000100060000000300090000600500170001500700030003200800410003510000360007624501890011226000440030130000220034585200300036770583ES-MaACL20230906170847.0t|040728s1945 sp ||||1| spa d1 aGarcía-Yepes Linares, José.10aAguas subterráneas b: origen y circulación del agua subterránea, investigación, alumbramiento, explotación, legislación y jurisprudencia / cJosé García-Yepes Linares. aMadrid : bDossat, c[1945] (fEstades) a342 p. ; c22 cm. aES-MaACLjD-209 bR.21871